000 00616cam a2200217ua 4500
001 9896
008 161007n ii |||gr||||Z||||||asm
020 _a9788191068924
040 _cMAIN
041 _aasm
082 _a338.5
100 _aChaudhury, Rabindra Kumar,
_eAuthor.
245 _aPrarombhik byastibadi arthabigyan :
_bHS 2nd year /
_cBy Rabindra Kumar Chaudhury & Susmita Priyadarshini .
250 _a5th ed.
260 _aGuwahati:
_bRupalim prakashan,
_c2014.
300 _a220p.
653 _aProduction
653 _aMicroeconomics
700 _aPriyadarshini, Susmita,
_eAuthor.
942 _cBK
999 _c8905
_d8905